| 000 | 00896nam a22002177a 4500 | ||
|---|---|---|---|
| 005 | 20200104041629.0 | ||
| 008 | 141105b ck |||| 00| 0 spa d | ||
| 020 | _a34335048 | ||
| 041 | _aspa | ||
| 044 | _ack | ||
| 090 |
_aEA _b00139 |
||
| 100 | 1 |
_aGerez-Romero, Isabel _928327 |
|
| 245 | 1 | 0 |
_aProyecto de conservación de la tortuga de río Podocnemis lewyana _ben la cuenca baja del Río Claro Cocorná Sur _cIsabel, Romero Gerez |
| 260 |
_aAntioquia : _bCorporación Autónoma Regional del Centro de Antioquia-CORANTIOQUIA, _bCorporación Autónoma Regional de los Ríos Negro y Nare-CORNARE , _bAsociación Ambiental Futuro Verde AAFUVER, _c2011. |
||
| 300 |
_a36 pag. _bFot. _c22 cm. |
||
| 504 | _aIncluye referencias bibliográficas (pag. 36) | ||
| 650 |
_aEducación Ambiental _9162 |
||
| 650 | 6 |
_aEcología _992250 |
|
| 650 | 6 |
_aConservación de las tortugas _928319 |
|
| 942 |
_2z _cLIBRO |
||
| 999 |
_c8750 _d8750 |
||